000 00293nam a22001337a 4500
008 180731b xxu||||| |||| 00| 0 eng d
082 _a813.52
245 _aMusic An Appreciation
_cKamien,R
260 _c2006
300 _a1
_fCD
440 _x007266580
760 _b5th
942 _2ddc
_cMX
999 _c46693
_d46693